| 000 | 00657cam a2200217 a 4500 | ||
|---|---|---|---|
| 001 | 000018390 | ||
| 005 | 20200929165504.0 | ||
| 008 | 890429s1960 it 000 0 ita d | ||
| 040 |
_aDO-SdBNP _bita _cLC _dBNPHU |
||
| 082 |
_a853.914 _bC168n, 1960 |
||
| 100 | 1 |
_aCalvino, Italo. _939826 |
|
| 245 | 1 | 2 |
_aI nostri antenati / _cItalo Calvino. |
| 250 | _a8a ed. | ||
| 260 |
_aTorino : _bEinaudi, _c1960. |
||
| 300 |
_a350 p. ; _c23 cm. |
||
| 505 | 0 | _aIl visconte dimezzato -- Il barone rampante -- Il cavaliere inesistente. | |
| 650 | 4 |
_aCuentos italianos _95425 |
|
| 650 | 4 |
_aLiteratura italiana _93329 |
|
| 910 | _aCatalogación derivada | ||
| 049 | _aBNGR | ||
| 999 |
_c17911 _d17911 |
||